000
00321nam a2200133Ia 4500
008
151001s9999||||xx |||||||||||||| ||und||
100
_a
यु म पठाण
245
_a
पाउलखुणा
250
_a
1
260
_b
दिलीपराज
260
_c
1993
300
_a
151
365
_b
21
999
_c
972838
_d
972835